Conceptos clave para la resolución pacífica de conflictos, en el ámbito escolar
Na minha lista:
| Autor principal: | |
|---|---|
| Formato: | Livro |
| Idioma: | espanhol |
| Publicado em: |
Santiago
Ministerio de Educación
2006
|
| Edição: | 1a. ed |
| Colecção: | Cartilla de Trabajo. Aprender a Convivir
|
| Assuntos: | |
| Tags: |
Adicionar Tag
Sem tags, seja o primeiro a adicionar uma tag!
|
MARC
| LEADER | 00000nam a2200000 a 4500 | ||
|---|---|---|---|
| 001 | UCJ9705 | ||
| 003 | CL-VaPUC | ||
| 008 | 070330e20060000CL |||||||||||||||||spa|d | ||
| 082 | 0 | 4 | |a 303.69 |b PAL |2 21 |
| 100 | |a Palma Sepúlveda, Rosita |e autora |9 519732 | ||
| 245 | 1 | 0 | |a Conceptos clave para la resolución pacífica de conflictos, en el ámbito escolar |
| 250 | |a 1a. ed | ||
| 300 | |a 72 p | ||
| 942 | |c BK | ||
| 945 | |d 20070330 00:00:00 |a cmena | ||
| 260 | |a Santiago |b Ministerio de Educación |c 2006 | ||
| 650 | 0 | |a Mediación |9 338396 | |
| 650 | 0 | |a Resolución de conflictos |9 434922 | |
| 650 | 0 | |a Sociología de la educación |9 260380 | |
| 650 | 0 | |a Agresividad |9 257862 | |
| 650 | 0 | |a Negociación |9 307187 | |
| 583 | |a last modification |c 20070330 00:00:00 |k Rodrigo Vera | ||
| 490 | 0 | |a Cartilla de Trabajo. Aprender a Convivir | |
| 999 | |c 325121 |d 325119 | ||
| 952 | |0 0 |1 0 |4 0 |6 303_690000000000000_PAL_2006 |7 0 |8 A |9 405706 |a BIBEDU |b BIBEDU |d 2019-11-22 |i 4328310 |o 303.69 PAL 2006 |p 4328310 |r 2019-11-22 |w 2019-11-22 |y BK |k EBA | ||